Central Library OPAC University of Rajshahi

ইসলামী ব্যাংকের মুদারাবা ও মুশারাকা পদ্ধতিতে বিনিয়োগ : (Record no. 84219)

MARC details
000 -LEADER
fixed length control field 01953nam a2200277 a 4500
001 - CONTROL NUMBER
RUCL Control Number 84219
003 - CONTROL NUMBER IDENTIFIER
rucl marc code BD-RjUL
005 - DATE AND TIME OF LATEST TRANSACTION
control field 20241103130011.0
008 - FIXED-LENGTH DATA ELEMENTS--GENERAL INFORMATION
fixed length control field 241103s2021 bg a|||| m||| 00| 0 ben d
035 ## - SYSTEM CONTROL NUMBER
system control number (BD-RjUL)84219
040 ## - CATALOGING SOURCE
Original cataloging agency BD-RjUL
Language of cataloging ben / eng
Transcribing agency BD-RjUL
Modifying agency BD-RjUL
041 ## - LANGUAGE CODE
Language code of Book ben
082 ## - DEWEY DECIMAL CLASSIFICATION NUMBER
DDC Edition number 23
Classification number 332.6
Author mark and Year AZI 2021
100 ## - MAIN ENTRY--PERSONAL NAME
Personal name আজাদ, মুহাম্মদ আবুল কালাম
9 (RLIN) 2631
245 10 - TITLE STATEMENT
Title ইসলামী ব্যাংকের মুদারাবা ও মুশারাকা পদ্ধতিতে বিনিয়োগ :
Remainder of title একটি পর্যালোচনা /
Statement of responsibility, etc গবেষক মুহাম্মদ আবুল কালাম আজাদ ;
Name of Supervisor/Co-Supervisor সুপারভাইজার : মুহাম্মদ রফিকুল ইসলাম, কো-সুপারভাইজার : মোহাম্মদ মাঈন উদ্দীন
246 ## - VARYING FORM OF TITLE
Title proper/short title Investment in Islamic Banks Under the Mode of Mudaraba and Musharaka :
Remainder of title An Analysis /
260 ## - PUBLICATION, DISTRIBUTION, ETC. (IMPRINT)
Place of publication, distribution, etc রাজশাহী :
Name of publisher, distributor, etc ইসলামিক স্টাডিজ বিভাগ, রাজশাহী বিশববিদ্যায়,
Date of publication, distribution, etc ২০২১
300 ## - PHYSICAL DESCRIPTION
Pagination xv, ৩৩৬ পাতা :
Other physical details চিত্র ;
Dimensions ২৯ সেমি.
502 ## - DISSERTATION NOTE
Dissertation note থিসিস (পিএইচ. ডি.) -- ইসলামিক স্টাডিজ বিভাগ, রাজশাহী বিশববিদ্যায়, ২০২১
504 ## - BIBLIOGRAPHY, ETC. NOTE
Bibliography, etc গ্রন্থপঞ্জি : পাতা [২৭০]-২৮৩
650 ## - SUBJECT ADDED ENTRY--TOPICAL TERM
Topical term or geographic name as entry element ইসলামী ব্যাংক
Form subdivision বিনিয়োগ
9 (RLIN) 14064
Topical term or geographic name as entry element Islamic Bank
Form subdivision Investment
9 (RLIN) 14065
700 ## - ADDED ENTRY--SUPERVISOR/CO-SUPERVISOR NAME
Personal name ইসলাম, মুহাম্মদ রফিকুল, সুপারভাইজার
9 (RLIN) 8034
Personal name উদ্দীন, মোহাম্মদ মাঈন, কো-সুপারভাইজার
9 (RLIN) 14066
942 ## - ADDED ENTRY ELEMENTS (KOHA)
Source of classification or shelving scheme Dewey Decimal Classification
Koha item type Theses
Holdings
Source of classification or shelving scheme Damaged status Not for loan Collection code Permanent Location Current Location Shelving location Date of accession Source of acquisition Total Checkouts Full call number Barcode Date last seen Copy number Thesis
Dewey Decimal Classification   Not For Loan Theses Central Library, University of Rajshahi Central Library, University of Rajshahi Documentation Section 26/11/2023 Controller of Exam. R.U.   BTHE 332.6 AZI 2021 D4925 03/11/2024 C-I Theses